| 000 | 00493nam a22001812 4500 | ||
|---|---|---|---|
| 001 | 0000013275 | ||
| 005 | 20151217152125.0 | ||
| 008 | 090726s xx 000 0 eng d | ||
| 040 |
_aKABU _cKABU |
||
| 245 | 1 | 0 | _aKenya past and present. |
| 250 | _a1st ed. | ||
| 260 |
_aNairobi : _bKenya Museum Society, _c1997. |
||
| 300 | _a55 p. | ||
| 610 | 2 | 0 |
_aKenya _xHistory. _@0000150215 |
| 852 | 1 | _9p100 KES | |
| 908 | _a090726 | ||
| 950 | _@1 | ||
| 999 |
_c8509 _d8509 |
||